| 000 | 00774nas a2200265 4500 | ||
|---|---|---|---|
| 001 | BR2016005063 | ||
| 003 | BR-BrBNA | ||
| 005 | 20231205130742.0 | ||
| 007 | ta | ||
| 008 | 230509b bl.|||p| |||| 00| 00por d | ||
| 040 |
_aBR-BrBNA _bpor _cBiblioteca Nacional de Agricultura |
||
| 041 | _a(Pt) | ||
| 072 | _aM11 | ||
| 100 | 1 | _aIvo, C.T.C. | |
| 100 | 1 | _aVasconcelos, J.A. de | |
| 100 | 1 | _aOsório, F.M. | |
| 245 | 1 | _aPesca de peixes com covos no estado do Rio Grande do Norte | |
| 650 | _aPEIXE | ||
| 650 | _aCOVO | ||
| 650 | _aPESCA ARTESANAL | ||
| 650 | _aPRODUÇÃO | ||
| 773 | 0 |
_tBoletim Técnico-Científico do Cepene (Brazil) _xISSN 0104-6411 _g(2010), v. 18(1) p. 75-85 _wBR2016005063 |
|
| 909 |
_a202311 _bLúcia _c55 _dLúcia Elande |
||
| 942 |
_2AGRIS _n0 _cANA |
||
| 999 |
_c251020 _d251020 |
||